| 000 | 00507nam a2200157 a 4500 | ||
|---|---|---|---|
| 008 | 120416s1990 ||||||||||||||||| || u | ||
| 020 | _a0713136375 | ||
| 050 | _aTK 3226 Hen | ||
| 100 | _aHenderson, A | ||
| 245 | 1 | 0 | _aElectrical networks |
| 260 |
_aLondon: _bE. Arnold _c1990 |
||
| 300 | _a416p. : ill. | ||
| 350 | _a0.00 | ||
| 650 | _aELECTRIC NETWORKS | ||
| 995 |
_D0.00 _FCBU-MAIN LIBRARY (Kitwe) _H1 _I19.95 _M1 _UDAMAGED _ZMain Library Open Access Collection |
||
| 999 |
_c41487 _d41487 |
||